| 000 | 00820nac a22002171u 4500 | ||
|---|---|---|---|
| 010 | _a 93006055 | ||
| 020 | _a0198751346 (pbk.) : | ||
| 020 | _a0198751338 (cloth) : | ||
| 082 | 0 | 0 |
_a306.44 _bROM |
| 090 |
_c7372 _d7372 |
||
| 100 | _aRomaine, Suzanne, | ||
| 245 | 1 | 0 |
_aLanguage in society : _ban introduction to sociolinguistics / _cSuzanne Romaine. |
| 260 |
_aOxford ; _aNew York : _bOxford University Press,c.1994. _cc.1994. |
||
| 300 |
_axii, 235 p. : _bill., maps ; _c21 cm. |
||
| 500 | _aDistributer: Al-Ahram. | ||
| 504 | _aIncludes bibliographical references and index. | ||
| 511 | _aCatalogued By: Mahitab. | ||
| 650 | 0 | _aSociolinguistics. | |
| 856 | 4 | 2 |
_3Publisher description _uhttp://www.loc.gov/catdir/enhancements/fy0639/93006055-d.html |
| 942 |
_cBB _k306.44ROM |
||
| 999 |
_c7372 _d7372 |
||